000 00585nam a2200253Ia 4500
005 20260320200836.0
008 008 262003s9999 xx 000 0 eng d
020 _a9781630817046
037 _aEBOOK
040 _aCRL
040 _beng
040 _cCRL
041 _2eng
041 _aeng
084 _qCRL
100 _aLi
245 0 _aAll Source Positioning, Navigation and Timing
260 _bIEEE
260 _c2020
856 _uhttps://ieeexplore.ieee.org/servlet/opac?bknumber=9321440
942 _cEBOOK
999 _c1717241
_d1717241